Central Library OPAC University of Rajshahi

আমাদের উপন্যাসে বিষয়-চেতনা : (Record no. 71369)

MARC details
000 -LEADER
fixed length control field 01002nam a2200241 a 4500
001 - CONTROL NUMBER
control field 71369
003 - CONTROL NUMBER IDENTIFIER
rucl marc code BD-RjUL
005 - DATE AND TIME OF LATEST TRANSACTION
control field 20211209082115.0
008 - FIXED-LENGTH DATA ELEMENTS--GENERAL INFORMATION
fixed length control field 170502s1988 bg ||||| |||| 001 0 ben d
020 ## - INTERNATIONAL STANDARD BOOK NUMBER
Terms of availability : Tk. 60.00
035 ## - SYSTEM CONTROL NUMBER
System control number (BD-RjUL)71585
040 ## - CATALOGING SOURCE
Original cataloging agency BD-RjUL
Language of cataloging ben
Transcribing agency BD-RjUL
041 ## - LANGUAGE CODE
Language code of text/sound track or separate title ben
082 ## - DEWEY DECIMAL CLASSIFICATION NUMBER
Edition number 23
Classification number 891.44309
Author mark and year ALA 1988
100 10 - MAIN ENTRY--PERSONAL NAME
Personal name আলী, মুহম্মদ ইদরিস
9 (RLIN) 211190
245 10 - TITLE STATEMENT
Title আমাদের উপন্যাসে বিষয়-চেতনা :
Remainder of title বিভাগোত্তর কাল /
Statement of responsibility, etc. মুহম্মদ ইদরিস আলী
260 ## - PUBLICATION, DISTRIBUTION, ETC. (IMPRINT)
Place of publication, distribution, etc. ঢাকা :
Name of publisher, distributor, etc. বাংলা একাডেমী,
Date of publication, distribution, etc. ১৯৮৮
300 ## - PHYSICAL DESCRIPTION
Pagination ১৮০ পৃ. ;
Size ১৮ সেমি.
500 ## - GENERAL NOTE
General note নির্ঘন্ট সম্বলিত
650 ## - SUBJECT ADDED ENTRY--TOPICAL TERM
Topical term or geographic name as entry element বাংলা সাহিত্য
General subdivision ইতিহাস ও সমালোচনা
9 (RLIN) 211191
Topical term or geographic name as entry element Bengali literature
General subdivision History and criticism
9 (RLIN) 211192
942 ## - ADDED ENTRY ELEMENTS (KOHA)
Source of classification or shelving scheme Dewey Decimal Classification
Koha item type Books
Holdings
Lost status Source of classification or shelving scheme Damaged status Not for loan Collection code Permanent Location Current Location Shelving location Date acquired Source of acquisition Cost, normal purchase price Total Checkouts Full call number Date last seen Copy number Koha item type
  Dewey Decimal Classification   Not For Loan Non-fiction Central Library, University of Rajshahi Central Library, University of Rajshahi Reading Room 24/06/1990 Dhaka, Bangla Academy 60.00   B 891.44309 ALA 1988 02/05/2017 C-1 Books